ā-Konjugation: Präsens, Imperfekt und Perfekt Indikativ Aktiv - Statistiken

Allgemein
  • Dieses Quiz wurde 8 mal gespielt
  • Das Durchschnittsergebnis liegt bei 17 aus 22
Antwortstatistiken
Group Hint Antwort % Korrekt
Präsens 1. Pl. laudāmus
100%
Präsens 3. Pl. laudant
100%
Präsens 2. Sg. laudās
100%
Präsens 3. Sg. laudat
100%
Präsens 2. Pl. laudātis
100%
Präsens 1. Sg. laudō
100%
Imperfekt 1. Sg. Impf. Ind. Akt. laudābam
75%
Imperfekt 1. Pl. Impf. Ind. Akt. laudābāmus
75%
Imperfekt 3. Pl. Impf. Ind. Akt. laudābant
75%
Imperfekt 2. Sg. Impf. Ind. Akt. laudābas
75%
Imperfekt 3. Sg. Impf. Ind. Akt. laudābat
75%
Imperfekt 2. Pl. Impf. Ind. Akt. laudābātis
75%
Imperative Imp. Sg. Präs. Akt. laudā
63%
Infinitive Inf. Präs. Akt. laudāre
63%
Imperative Imp. Pl. Präs. Akt. laudāte
63%
Perfekt 3. Pl. Perf. Ind. Akt. laudāvērunt
63%
Perfekt 1. Sg. Perf. Ind. Akt. laudāvī
63%
Perfekt 1. Pl. Perf. Ind. Akt. laudāvimus
63%
Infinitive Inf. Perf. Akt. laudāvisse
63%
Perfekt 2. Sg. Perf. Ind. Akt. laudāvistī
63%
Perfekt 3. Sg. Perf. Ind. Akt. laudāvit
63%
Perfekt 2. Pl. Perf. Ind. Akt. laudāvistis
50%
Keine übereinstimmenden Quizze gefunden
Verteilung der Resultate
Anzahl Personen mit jedem Resultat
Perzentil nach korrekt beantworteten Fragen
Ihre Resultats-Entwicklung
Sie haben dieses Quiz noch nicht gespielt